[Event "Vladivostok op2"]
[Site "Vladivostok"]
[Date "1995.??.??"]
[Round "2"]
[White "Arkhipov, Sergey"]
[Black "Semeniuk, Alexander A"]
[Result "1-0"]
[WhiteElo "2520"]
[BlackElo "2415"]
[Annotator "Chekhov,V"]
[PlyCount "71"]
[EventDate "1995.??.??"]
[EventType "swiss"]
[EventRounds "9"]
[EventCountry "RUS"]
[SourceTitle "CBM 049 Extra"]
[Source "ChessBase"]
[SourceDate "1996.01.01"]
[SourceVersion "1"]
[SourceVersionDate "1996.01.01"]
[SourceQuality "1"]

1. e4 c5 2. d3 Nc6 3. g3 d5 4. exd5 Qxd5 5. Nf3 Nd4 6. Bg2 Bh3 7. O-O (7. Bxh3
Nxf3+ 8. Kf1 Nd2+ 9. Kg1 Nf3+ 10. Kf1 Nd2+ $10 {Davies,N-Renet,O/Haifa/1989/0,
5/11/}) 7... Bxg2 8. Kxg2 Nf6 (8... g6 9. Be3 Bg7 10. c3 Nxf3 11. Qxf3 O-O-O
12. Nd2 Nf6 13. Ne4 Nd7 14. Ng5 Qxf3+ 15. Nxf3 b6 16. Rfe1 e6 $10 {Arkhipov,
S-Psakhis,L/Moscow/1986/0,5/54/}) 9. Nbd2 {/N/} (9. Nc3 Qc6 10. Re1 e6 11. Ne4
Be7 12. Ne5 Qd5 13. Bf4 O-O 14. c3 Nc6 15. c4 Qd4 16. Nxc6 bxc6 17. Qc2 Rfd8
$10 {Strikovic,A-Suba,M/Zaragoza/1995/0,5/56/}) 9... e6 10. Nc4 b5 $6 (10...
Be7 $5) 11. Ne3 Qb7 12. c3 Nc6 (12... Nxf3 13. Qxf3 Qxf3+ 14. Kxf3 O-O-O 15.
Ke2 Kb7 16. a4 a6 17. Bd2 Be7 18. axb5 axb5 19. Ra5 Kb6 20. Rfa1 $36) 13. a4 a6
14. axb5 axb5 15. Rxa8+ Qxa8 16. d4 cxd4 17. cxd4 Nb4 (17... Be7 18. d5 exd5
19. Nxd5 O-O 20. Re1 $14) 18. Qb3 Qb7 19. Bd2 Nbd5 20. Ra1 Nc7 (20... Be7 21.
Nxd5 Nxd5 22. Ra5 Nc7 23. Bb4 $36) 21. Ba5 $16 Ncd5 22. Nxd5 Nxd5 (22... Qxd5
23. Qxd5 Nxd5 24. Bd2 Be7 25. Ra8+ Bd8 26. Rb8 $16) 23. Bd2 Bd6 24. Ra5 Nc7 (
24... b4 $2 25. Qa4+ $18) 25. Bb4 Bxb4 26. Qxb4 g5 27. h3 h5 28. d5 $1 g4 (
28... Nxd5 29. Qxb5+ Qxb5 30. Rxb5 Ke7 31. Nxg5 $18) (28... exd5 29. Nxg5 $18)
29. hxg4 hxg4 30. Qxg4 Qxd5 (30... Nxd5 31. Qd4 Rf8 32. Ra7 $16) 31. Qg7 $6 (
31. Ra7 $1 $16) 31... Qh5 32. Nh4 Kd7 33. Ra7 Ra8 $6 (33... e5 $5 34. g4 (34.
Qf6 Rh6) 34... Rh7 $1) 34. Rxa8 (34. Qd4+ Qd5+ 35. Qxd5+ exd5 36. Rxa8 Nxa8 $10
) 34... Nxa8 35. Nf3 $18 Kd6 $2 (35... Nc7 36. g4 Qd5 (36... Qg6 37. Ne5+ $18)
37. Qxf7+ $18) (35... Ke7 36. Ne5 Nc7 37. g4 $18) 36. Qf8+ $18 1-0

[Event "Vilnius zt"]
[Site "Vilnius"]
[Date "1993.??.??"]
[Round "?"]
[White "Sepp, Olav"]
[Black "Malisauskas, Vidmantas"]
[Result "1-0"]
[WhiteElo "2390"]
[BlackElo "2570"]
[Annotator "Chekhov,V"]
[PlyCount "73"]
[EventDate "1993.03.??"]
[EventType "tourn"]
[EventRounds "13"]
[EventCountry "LTU"]
[EventCategory "8"]
[SourceTitle "CBM 035"]
[Source "ChessBase"]
[SourceDate "1993.08.01"]
[SourceVersion "1"]
[SourceVersionDate "1993.08.01"]
[SourceQuality "1"]

1. e4 c5 2. g3 d5 3. exd5 Qxd5 4. Nf3 Bg4 5. Bg2 Qe6+ 6. Kf1 (6. Qe2 $6 Qxe2+
7. Kxe2 Nc6 $15) 6... Bh3 $5 (6... Nc6 7. h3 Bh5 (7... Bf5 $5 8. d3 (8. Nc3 {
/\ Nh4} h6 9. d4) 8... Rd8 9. Nc3 Qc8 10. Qe2 h6 11. Be3 e6 12. Rd1 Nd4 $1 $15
{Mestel-Simic/Beograd/1982/}) 8. Nc3 (8. d3 Qd7 9. Na3 (9. g4 Bg6 10. Nh4 e6
11. Na3 Be7 12. Nxg6 hxg6 13. Nc4 Nf6 14. a4 Nd5 15. Bd2 g5 16. a5 Rd8 $15 {
King-Sveshnikov/Neu Isenburg/1992/}) 9... e6 10. g4 Bg6 11. Nc4 f6 $1 12. a4
Nge7 13. h4 e5 14. Nfd2 Bf7 15. Ne3 O-O-O $132 {Balashov-Filipenko/Katowice/
1992/}) 8... Qd7 $1 (8... Nf6 $6 9. d3 Qd7 10. g4 Bg6 11. Bf4 e6 12. g5 $1 Ng8
13. Qe1 Nge7 14. h4 Bh5 15. Ne5 Nxe5 16. Bxe5 Nc6 17. a4 $14 {Speelman-Sinye/
Graz/1981/}) 9. d3 e6 10. a4 Nf6 11. a5 Rd8 $1 (11... Rc8 12. g4 Bg6 13. Nh4
Be7 14. Nxg6 hxg6 15. h4 $14 {Short-Hjartarson/Solingen-Reykjavik/1990/}) 12.
g4 Bg6 13. Nh4 Be7 14. Nxg6 hxg6 15. h4 a6 $1 16. Be3 Qc7 17. g5 Nh5 $132 {
Short-Sveshnikov/Solingen-Poliot/1992/}) 7. b4 $5 (7. d4 cxd4 8. Nxd4 Qd7 9.
Nc3 Nc6 10. Nxc6 Qxc6 11. Qd5 Qxd5 12. Nxd5 Bxg2+ 13. Kxg2 O-O-O $10 {
Pachman-Taimanov/Buenos Aires/1960/}) (7. Nc3 Nc6 8. d3 Qd7 9. Be3 Bxg2+ 10.
Kxg2 e6 $10) 7... cxb4 8. a3 b3 (8... Nc6 9. axb4 Nxb4 10. Na3 Qd7 11. d4 Bxg2+
12. Kxg2 e6 13. c4 $16 {Korolev-Panjushkin/corr/1978/}) 9. Nc3 Nf6 10. Rb1
Bxg2+ $146 (10... g6 11. Rxb3 {Korolev-Rusakov/corr/1978/} b6 $5 12. Nb5 Na6
13. Re3 Qd7 14. Qe2 Bh6 15. Rd3 Qe6 16. Qxe6 Bxe6 17. Nfd4 $16 {Lepeshkin} (17.
Ne5 $5)) 11. Kxg2 Qc6 12. Rxb3 e6 13. d4 Be7 14. d5 $1 Qc8 (14... exd5 15. Re1
$36) (14... Nxd5 15. Nxd5 Qxd5 16. Qxd5 exd5 17. Re1 $18) 15. Qe2 O-O 16. dxe6
fxe6 17. Re1 $16 Bc5 18. Qxe6+ Qxe6 19. Rxe6 b6 20. Ne4 Nbd7 21. Bb2 Nxe4 (
21... Rae8 $5) 22. Rxe4 Nf6 (22... Rae8 $5) 23. Re2 Rae8 24. Rxe8 Rxe8 25. Ne5
Rc8 26. Rd3 $1 $18 Be7 27. c4 Kf8 28. Kf3 Ke8 29. g4 Rc5 30. g5 Ng8 31. h4 h6
32. Kg4 hxg5 (32... b5) 33. hxg5 b5 34. Rh3 bxc4 35. Rh8 c3 36. Rxg8+ Bf8 37.
Ng6 1-0

[Event "Perenyi Memorial"]
[Site "Budapest"]
[Date "1989.??.??"]
[Round "?"]
[White "Groszpeter, Attila"]
[Black "Kaidanov, Gregory S"]
[Result "1-0"]
[WhiteElo "2500"]
[BlackElo "2535"]
[Annotator "ChessBase"]
[PlyCount "63"]
[EventDate "1989.??.??"]
[EventType "tourn"]
[EventRounds "11"]
[EventCountry "HUN"]
[EventCategory "9"]
[SourceTitle "TD"]
[Source "ChessBase"]
[SourceDate "1994.03.01"]
[SourceVersion "1"]
[SourceVersionDate "1994.03.01"]
[SourceQuality "1"]

1. e4 c5 2. g3 Nc6 3. Bg2 g6 4. d3 Bg7 5. f4 d6 6. Nf3 e5 7. O-O Nge7 8. c3 O-O
9. Na3 (9. Be3) 9... b6 $6 (9... Kh8) (9... Rb8) 10. f5 $1 $10 gxf5 11. Nh4
fxe4 12. dxe4 Kh8 $6 (12... f5 13. Nxf5 Bxf5 14. exf5 d5 15. Bg5 $10) 13. Nb5
Ba6 14. a4 Qd7 15. Qh5 $1 (15. Nxd6 $2 Rad8 16. Nxf7+ Kg8 17. Qxd7 Rxd7 18.
Nh6+ Bxh6 19. Bxh6 Bxf1 20. Bxf8 Bxg2 21. Bxe7 Bxe4 22. Bg5 $13) 15... f6 16.
Bh3 Qe8 17. Qd1 Bxb5 $6 (17... Qd8) 18. axb5 Na5 19. Nf5 $14 Nxf5 20. Bxf5 Qf7
21. Qg4 Rfe8 22. Qh4 Bf8 23. Bg4 Qc4 $6 (23... Nb3 24. Bh5 Qd7 25. Bxe8 Rxe8
26. Ra4 $14) (23... Qg7 $5) 24. Bh5 Red8 25. Rxf6 Be7 26. Bg6 Qg8 27. Bg5 $18 {
} Bf8 28. Raf1 Rd7 29. Bf7 Rxf7 30. Rxf7 Bg7 31. Rxg7 Kxg7 32. Qh6+ 1-0

[Event "Dresden op 08th"]
[Site "Dresden"]
[Date "1999.??.??"]
[Round "?"]
[White "Maiwald, Jens Uwe"]
[Black "Chuchelov, Vladimir"]
[Result "1/2-1/2"]
[WhiteElo "2490"]
[BlackElo "2535"]
[Annotator "Chuchelov,V"]
[PlyCount "84"]
[EventDate "1999.07.15"]
[EventType "swiss"]
[EventRounds "9"]
[EventCountry "GER"]
[SourceTitle "EXT 2000"]
[Source "ChessBase"]
[SourceDate "1999.11.16"]
[SourceVersion "1"]
[SourceVersionDate "1999.11.16"]
[SourceQuality "1"]

1. e4 c5 2. d3 Nc6 3. g3 g6 4. Bg2 Bg7 5. f4 d6 6. Nf3 e5 7. O-O Nge7 8. c3 O-O
9. Na3 h6 $6 (9... exf4 10. Bxf4 (10. gxf4 d5) 10... Ne5 $11) 10. f5 $1 gxf5
11. Nh4 f4 12. gxf4 (12. Qh5 $5 Ng6 13. Nxg6 fxg6 14. Qxg6 Rf6 15. Qh5 fxg3 16.
hxg3 Rxf1+ 17. Bxf1 Qf6 $14) 12... Ng6 13. Nxg6 fxg6 14. Qb3+ Kh8 15. Nc4 Qe7
16. Ne3 Be6 17. Nd5 Qd7 $15 18. Be3 exf4 19. Bxf4 Rf7 20. Qa4 Raf8 21. Bg3 Be5
22. Bxe5+ dxe5 23. Rxf7 Rxf7 24. Qc2 Kg7 25. Qe2 b6 26. Rf1 Rxf1+ 27. Qxf1 Qf7
28. Qe1 g5 29. Qg3 Qh5 30. Bf3 Qh3 31. Qxh3 Bxh3 $17 32. a3 Be6 33. Ne3 Kf6 34.
Bh5 Na5 (34... Ne7 35. Kf2 Ng6 36. Bxg6 Kxg6 $17) 35. Kf2 Nb7 36. Ke2 Nd6 37.
Kf3 a5 38. Ke2 c4 $2 $138 39. a4 $1 Ke7 40. Kd2 Kf6 41. Ke2 Ke7 42. Bg6 Kf6
1/2-1/2

[Event "Sitges Sunway op-A 5th"]
[Site "Sitges"]
[Date "2018.12.15"]
[Round "2"]
[White "Di Nicolantonio, Lucas"]
[Black "Edouard, Romain"]
[Result "0-1"]
[WhiteElo "2389"]
[BlackElo "2644"]
[Annotator "Edouard,R"]
[PlyCount "84"]
[EventDate "2018.12.14"]
[EventType "swiss"]
[EventRounds "10"]
[EventCountry "ESP"]
[SourceTitle "CBM 187 Extra"]
[Source "ChessBase"]
[SourceDate "2018.11.04"]
[SourceVersion "1"]
[SourceVersionDate "2018.11.04"]
[SourceQuality "1"]

1. e4 c5 2. b3 g6 {One of the best lines against 2...g6.} 3. Bb2 Nf6 4. e5 {
Other moves are not dangerous.} (4. Qf3 d6 5. Bb5+ Nbd7 6. Bxf6 exf6 7. Nc3 Bg7
8. Qf4 O-O $1 9. Qxd6 f5 10. Nge2 fxe4 11. Bxd7 Bxd7 12. Qxc5 e3 $5 {
Interesting, but after any move Black would have sufficient compensation.} 13.
fxe3 Bc6 14. Rf1 Rc8 15. Qb4 a5 16. Qf4 b5 17. Nd4 Bxg2 18. Rf2 b4 $44 {
0-1 (73) Short,N (2678)-Dobrov,V (2515) Riyadh 2017}) (4. Nc3 d6 (4... Bg7 $5
5. e5 Nh5 $13) 5. Nd5 Bg7 6. Bb5+ Nbd7 7. Nxf6+ exf6 8. Ne2 O-O 9. O-O a6 $11 {
0-1 (36) Antipov,M (2588)-Dubov,D (2677) Moscow 2017}) (4. Bxf6 exf6 5. Nc3 Bg7
$15 {½-½ (19) Petenyi,T (2444)-Khalifman,A (2617) Porto Carras 2018}) (4. g3
Bg7 5. Bg2 d6 6. Ne2 O-O 7. O-O Nc6 8. d4 cxd4 9. Nxd4 Bg4 $5 10. Qd2 Qb6 $11 {
½-½ (54) Gorbatov,A (2400)-Zakhartsov,V (2481) Moscow 2018}) 4... Nd5 {
Again, White has many moves here. But all are good for Black.} 5. h4 $6 (5. Qf3
Nb4 6. Na3 Bg7 7. e6 f6 8. c3 N4c6 $13 {½-½ (41) Morozevich,A (2665)
-Andreikin,D (2712) Moscow 2018}) (5. Nc3 Nxc3 6. Bxc3 Bg7 7. h4 d5 $5 8. exd6
O-O $1 9. dxe7 Re8 $44 {0-1 (52) Andreikin,D (2712)-Vachier Lagrave,M (2791)
Dortmund 2017}) (5. d4 Qa5+ $1 {is more than fine for Black - as I've played
in a game in Martinique that doesn't appear in the database.} (5... cxd4 6.
Qxd4 Nc7 7. Nf3 Bg7 8. Nc3 Nc6 9. Qe3 $36 {1-0 (24) Fedoseev,V (2731)
-Cherniaev,A (2436) Sochi 2017})) (5. g3 Bg7 6. Bg2 Nc7 (6... Nb4 $5 7. f4 d6
8. Nf3 N4c6 9. Na3 O-O 10. O-O dxe5 11. Nxe5 Nxe5 12. fxe5 Qc7 13. Qe2 Nc6 14.
Rae1 Be6 15. Qb5 Qb6 $11 {½-½ (27) Antoniewski,R (2521)-Michalik,P (2564)
Slovakia 2018}) 7. Nf3 Nc6 8. Qc1 O-O $13 {/\...d6/...d5: 1-0 (53) Iskandarov,
M (2464)-Grinev,V (2433) Konya 2017}) (5. Nf3 Bg7 (5... Nc6 $5 6. Ng5 $1 Bh6 $5
{is fun, and is probably acceptable for Black:} 7. e6 Bxg5 8. Bxh8 f6 9. Bg7
dxe6 10. h4 Bf4 11. g3 Be5 12. c3 Ndb4 13. Be2 Nd3+ 14. Kf1 b6 $44 {0-1 (48)
Gelashvili,T (2563)-Liang,A (2488) Saint Louis 2017}) 6. Nc3 Nxc3 7. Bxc3 O-O
8. Bd3 Nc6 9. O-O d5 10. exd6 exd6 $11 {0-1 (24) Stoeber,M (2261)-Korobov,A 
(2652) Tegernsee 2017}) (5. Bc4 Nb6 6. e6 f6 7. Qe2 Nxc4 8. exd7+ Nxd7 9. Qxc4
Nb6 $1 $146 (9... e5 10. f4 {was tricky in: 1-0 (45) Ider,B (2510)
-Georgakopoulos,N (2346) Irakleio 2018}) 10. Qxc5 e5 {with excellent
compensation.}) (5. e6 f6 6. exd7+ Qxd7 7. g3 Bg7 8. Bg2 O-O 9. Ne2 e5 10. O-O
Nc6 11. Nbc3 Nc7 $15 {½-½ (44) Dvalishvili,P (2433)-Golubov,S (2501) Moscow
2017}) (5. c4 Nf4 (5... Nc7 $5) 6. d4 cxd4 7. Qxd4 Ne6 8. Qe3 Bg7 9. Nc3 Nc6
10. f4 O-O $13 {0-1 (34) Repkova,E (2332)-Kraemer,M (2574) Austria 2018}) 5...
Bg7 6. h5 (6. Qf3 Nb4 7. Na3 N8c6 $1 8. e6 (8. O-O-O $5 {might be better, but
Black should have several good moves here, like} h5 $5) 8... O-O $1 9. Bxg7
Kxg7 10. Qc3+ f6 11. exd7 Bxd7 12. Qxc5 Qb6 $17 {1-0 (31) Fernandez,E (2458)
-Codenotti,M (2169) Spain 2010}) (6. Nf3 Nc6 7. Na3 d6 8. Bb5 Bd7 (8... Bg4 $5)
9. Bc4 Be6 $15 {0-1 (38) Conquest,S (2532)-Codenotti,M (2284) Otranto 2011})
6... Nc6 (6... d6 $5 7. Bb5+ Nc6 8. Qe2 (8. Nf3 Bg4 {- see 8.Nf3 in the game})
8... O-O 9. hxg6 fxg6 10. Qc4 {and here Black could have played} Nxe5 $5 $146 (
10... dxe5 11. Bxc6 bxc6 $17 {0-1 (50) Morozevich,A (2683)-Shaposhnikov,E 
(2557) Sochi 2016}) 11. Qxd5+ e6 12. Qe4 Nf3+ 13. Nxf3 Bxb2 {which seems to
work for Black, despite the a1-bishop being in trouble zone for a while when
White plays c3.}) 7. Nf3 (7. Bc4 Nb6 $15) 7... d6 8. h6 $146 {Not a great move,
but the alternative isn't so much better.} (8. Bb5 Bg4 9. hxg6 hxg6 10. Rxh8+
Bxh8 11. Qe2 dxe5 12. Bxe5 Bxe5 $6 (12... Nf4 $5) (12... Bxf3 $5) 13. Qxe5 f6
14. Qg3 Qd7 15. Na3 Kf7 $6 (15... O-O-O $15) 16. O-O-O Bxf3 17. Qxf3 $11 {
1-0 (35) Navara,D (2734)-Wojtaszek,R (2727) Chine 2016}) 8... Bxe5 9. Nxe5 dxe5
10. Bb5 f6 {Just keeping a solid extra pawn.} (10... Qc7 $5 11. Bxc6+ Qxc6 12.
Bxe5 f6 $15) (10... Bd7 $5 11. Bxc6 Bxc6 12. Bxe5 O-O $15) 11. Bxc6+ bxc6 12.
d3 Nf4 13. Rh2 Bf5 14. Qd2 $6 (14. g3 Nd5 15. Nd2 $17) 14... c4 $1 {A killer
break!} 15. g3 (15. dxc4 Qxd2+ 16. Kxd2 O-O-O+ $19) (15. bxc4 Rb8 {is just
awful for White.}) 15... Ne6 16. dxc4 Qb6 $1 ({Now} 16... Qxd2+ 17. Kxd2 O-O-O+
{would allow} 18. Kc1 $17) 17. Nc3 $5 (17. Na3 Ng5 18. Qe2 O-O-O $19) 17... Rd8
(17... Nd4 18. Na4 $1 {resists.}) 18. Qe3 Bxc2 (18... Ng5 $5) 19. Qxb6 axb6 20.
f3 Bf5 21. Rd2 Rxd2 22. Kxd2 Nd4 (22... Kf7 {may have been stronger, not
committing the knight to d4, yet.}) 23. Rf1 Kf7 24. g4 Be6 25. Na4 b5 26. cxb5
cxb5 27. Nc5 Rc8 {A good move, although some aspects of the arising rook
endgame came up to my mind after playing it.} (27... Nc6 $17) 28. Bxd4 exd4 29.
Nxe6 Kxe6 30. a4 bxa4 31. bxa4 Ra8 32. Ra1 Kd5 (32... Ra5 $1 {was my initial
idea, but suddenly I realized White can play} 33. f4 Kd5 34. f5 $1 {and
couldn't find a concrete win; in fact, Black can just play} gxf5 35. gxf5 Ke4
36. Re1+ Kxf5 37. Rxe7 Kg6 {and win. Sometimes the simplest things just slip
from your mind!}) 33. a5 Ra6 {Clearly a worse version of the endgame than 32...
Ra5. Here, a passive defence by White would have led to a fascinating endgame.}
34. Kc2 (34. Kd3 e5 35. Ra4 f5 36. gxf5 gxf5 37. Ra3 e4+ 38. fxe4+ (38. Kd2 $5
{makes sense, due to the line you will discover after the exchange on e4.} Kc4
$1 (38... d3 $2 39. Ra4 Rxh6 40. a6 Rh2+ 41. Ke3 Re2+ 42. Kf4 $11) 39. Ra4+ Kc5
40. Ke2 (40. fxe4 fxe4 41. Ke2 Kd5 42. Kd2 Ke5 $1 43. Ra1 d3 44. Ra4 Rxh6 45.
a6 Rh2+ 46. Kc3 Rc2+ 47. Kb3 Rc8 $19) 40... e3 $1 41. Kd3 Re6 42. Ra1 Rxh6 43.
a6 (43. Rc1+ Kb5 44. Kxd4 Re6 45. Kd3 f4 46. Ke2 Rd6 $19) 43... Rh2 $19) 38...
fxe4+ 39. Kd2 d3 (39... Kc4 {also wins (see 38.Kd2 above), in easier but less
beautiful fashion!}) 40. Ra4 Rxh6 $1 41. a6 Rh2+ 42. Ke3 (42. Kc3 Rc2+ 43. Kb3
Rc8 $19) 42... Re2+ 43. Kf4 d2 $1 44. a7 Rf2+ 45. Ke3 (45. Kg3 Rf8 46. a8=Q+
Rxa8 47. Rxa8 e3 $1 $19) 45... d1=N# {Wow!}) 34... e5 35. Kb3 $2 f5 36. gxf5
gxf5 37. Kb4 e4 {White is just far behind.} 38. fxe4+ fxe4 39. Kb5 Ra8 40. a6
e3 41. a7 e2 42. Kb4 Rxa7 0-1

[Event "Budapest zt 1.4"]
[Site "Budapest"]
[Date "2000.06.17"]
[Round "1"]
[White "Spasov, Vasil"]
[Black "Blehm, Pawel"]
[Result "1/2-1/2"]
[WhiteElo "2590"]
[BlackElo "2494"]
[Annotator "Ftacnik,L"]
[PlyCount "72"]
[EventDate "2000.06.17"]
[EventType "swiss"]
[EventRounds "9"]
[EventCountry "HUN"]
[SourceTitle "CBM 078"]
[Source "ChessBase"]
[SourceDate "2000.10.18"]
[SourceVersion "1"]
[SourceVersionDate "2000.10.18"]
[SourceQuality "1"]

1. g3 g6 2. Bg2 Bg7 3. d4 c5 4. c3 cxd4 5. cxd4 Nf6 6. e4 d6 7. Ne2 O-O 8. O-O
e5 9. Nbc3 Nc6 10. h3 exd4 11. Nxd4 Nxe4 12. Nxc6 Nxc3 13. Nxd8 Nxd1 14. Nxb7
Nxb2 $1 {Serious improvement over the older 14...Bxb7, black has no need to
accept inferior ending position.} (14... Bxb7 15. Bxb7 Rab8 16. Rxd1 Rxb7 17.
Rb1 Rb6 18. b3 Ra6 19. a4 Rb8 20. Be3 {1-0 Nikolenko,O-Aronian,L/Moscow/1996/ 
(64)}) 15. Nxd6 (15. Bxb2 Bxb2 16. Rab1 Be5 17. Nxd6 Bxh3 18. Bxh3 (18. Bxa8
Bxf1 19. Nxf7 Bd3 20. Rd1 Bxg3 21. Rxd3 Rxa8 $15) 18... Bxd6 $15) 15... Ba6 $1
(15... Rb8 16. Nxc8 Rfxc8 17. Bf4 Rb5 18. Rfc1 Nc4 19. Rab1 $14) 16. Bxa8 (16.
Bxb2 Bxb2 17. Bxa8 Bxf1 18. Rxf1 Rxa8 19. Rb1 Be5 $11) 16... Rxa8 (16... Bxf1
17. Kxf1 Rxa8 18. Bxb2 Bxb2 19. Rb1 Be5 $11) 17. Rb1 Bxf1 18. Kxf1 Rd8 {
Black pieces are active and pawn structure remains symmetrical, the only
weakness of pawn a7 should be managable.} (18... Nd3 19. Ba3 a5 20. Ke2 Nb4 21.
Bxb4 axb4 22. Rxb4 Rxa2+ 23. Ke3 Be5 $11) 19. Nb5 (19. Bxb2 Rxd6 $11) 19... Na4
20. Bg5 (20. Nxa7 $2 Nc3 21. Ra1 Rd1+ 22. Kg2 Rd7 23. Nc6 Rc7 24. Nb4 Ne2 $19)
20... Rb8 (20... f6 21. Be3 a6 22. Nc7 Nc3 23. Rb3 f5 $11) 21. Bf4 Rb7 22. Rd1
(22. Re1 h6 23. Nd6 Rd7 $11) 22... Bf6 (22... h6 23. Rd8+ Kh7 24. Nd6 Re7 $11)
23. Nd6 Nc3 24. Rc1 (24. Nxb7 Nxd1 25. Nd6 Nc3 $11) 24... Rb2 25. Bh6 Rb1 $1 {
The cautious solution of the only problem, that was a weakness of basic rank.}
(25... Rxa2 $2 26. Re1 $18) 26. Rxb1 Nxb1 27. Nb5 (27. Be3 a5 $11) 27... a6 28.
Nc7 Nc3 29. a3 Be7 30. Bd2 (30. Bc1 Nb5 $11) 30... Nb1 31. Bb4 Bf8 32. Bxf8 (
32. Nxa6 Nxa3 $11) 32... Kxf8 33. a4 Nc3 34. a5 Ne4 $1 35. Nxa6 Nd2+ 36. Ke2
Nc4 1/2-1/2

[Event "Moscow B"]
[Site "Moscow"]
[Date "1994.??.??"]
[Round "2"]
[White "Vesselovsky, Serguei"]
[Black "Arkhipov, Sergey"]
[Result "1-0"]
[WhiteElo "2455"]
[BlackElo "2530"]
[Annotator "Gagarin,V"]
[PlyCount "109"]
[EventDate "1994.??.??"]
[EventType "tourn"]
[EventRounds "11"]
[EventCountry "RUS"]
[EventCategory "7"]
[SourceTitle "CBM 041"]
[Source "ChessBase"]
[SourceDate "1994.08.01"]
[SourceVersion "1"]
[SourceVersionDate "1994.08.01"]
[SourceQuality "1"]

1. e4 c5 2. g3 d5 3. exd5 Qxd5 4. Nf3 Bg4 5. Bg2 Qe6+ 6. Kf1 Nc6 7. h3 Bf5 (
7... Bxf3 8. Qxf3 Rc8 9. Na3 Qd7 10. b3 e6 11. Bb2 b6 12. Nc4 Nge7 13. Re1 b5
14. Ne3 Nd4 15. Qe4 h5 $13 {Veselovsky,S-Mitenkov,A/Smolensk/1992/0,5 (22)}) (
7... Bh5 8. Nc3 (8. d3 Qd7 9. Be3 (9. Na3 e6 10. g4 Bg6 11. Nc4 f6 $1 12. a4
Nge7 13. h4 e5 14. Nfd2 Bf7 15. Ne3 O-O-O $13) 9... e6 10. Nbd2 Nf6 $10) 8...
Qd7 9. g4 Bg6 10. Nh4 e6 11. Nxg6 hxg6 12. d3 Nf6 13. Be3 Be7 $10) 8. Nc3 $1 (
8. d3 Rd8 9. Nc3 (9. Na3 Nf6 10. Nh4 Be4 $1 11. f3 Bd5 12. Nb5 Qd7 13. Nc3 e6
14. Nxd5 Nxd5 15. f4 Be7 16. Nf3 Bf6 17. Kg1 O-O $15) 9... Qc8 10. Qe2 h6 11.
Be3 e6 12. Rd1 Nd4 $1 $10 {Mestel,J-Simic,R/Beograd/1982/ Inf 34/189/}) 8...
Qd7 $146 (8... h6 $5 9. d3 Rd8 10. Be3 b6 11. Kg1 Qc8 12. Bf4 e6 (12... g5 13.
Ne5 $1 Nxe5 14. Bxe5 f6 15. Qh5+ Kd7 16. Bf4 e5 17. Be3 $16) 13. Nb5 Rd7 14.
Ne5 Nxe5 15. Bxe5 a6 (15... f6 16. Bf4 e5 17. Be3 Ne7 $14) 16. Nc3 Bd6 17. Qe2
Qc7 $2 (17... Bxe5 18. Qxe5 Nf6 19. Na4 $1 $16) 18. Nd5 $1 Qd8 19. Bxg7 Rh7 20.
Bc3 $18 {Baumhus,R-Simon,R/Moscow/1990/1:0 (38)/}) (8... Rd8 9. Nh4 $14) 9. d3
e5 (9... e6 10. Nh4 $14) (9... Nf6 10. Be3 e5 11. g4 Bg6 12. Nh4 $16) (9... h6
10. Be3 $14) 10. g4 Bg6 (10... Be6 11. Ng5 Nf6 12. Be3 Rc8 13. Nxe6 Qxe6 14. g5
Nd7 15. h4 $36) 11. Nh4 Be7 12. Nxg6 hxg6 13. a4 $14 Nf6 14. a5 $1 a6 $5 (14...
Rc8 15. a6 $1 b6 16. g5 Nh5 17. h4 $36) (14... Rd8 15. a6 $1 b6 16. Bg5 Nh5 17.
Nd5) 15. Be3 Rb8 16. g5 Nh5 17. Nd5 Bd6 18. c3 O-O 19. Nb6 Qe7 20. Nc4 Bc7 21.
h4 Rbd8 22. Be4 f5 $1 (22... Nf4 23. Bxf4 exf4 24. Qb3 $1) 23. gxf6 Nxf6 24.
Qb3 $1 (24. Bxg6 Qe6 25. Bxc5 Ng4 26. h5 Nd4 27. Bxf8 Rxf8 28. cxd4 Nxf2 $40)
24... Nxe4 $2 (24... Qe6 $1 25. Nd2 (25. Bxc6 Qxc6 $1 26. Nxe5+ Qd5 27. Qxd5+
Nxd5 28. Nc4 Nxe3+ 29. Nxe3 Rxd3 $10) (25. Bxc5 Nxe4 26. Bxf8 Ng3+ 27. fxg3
Rxf8+ 28. Ke1 Kh8 $13) 25... Qxb3 26. Nxb3 Nxe4 27. dxe4 c4 28. Nc5 Rfe8 29.
Nxb7 Rb8 30. Nc5 Rxb2 31. Nxa6 Bxa5 $15) 25. Nd6+ Kh8 26. Nxe4 Qd7 (26... Rxd3
27. h5 g5 28. Bxc5 Qf7 29. Qxf7 Rxf7 30. Ke2 $16) 27. Nxc5 Qg4 28. Qe6 $1 $16
Qh5 (28... Qf3 29. Rh3) 29. Rg1 Rd6 30. Qg4 Nxa5 31. b4 Nc6 32. Qxh5+ gxh5 33.
Ke2 Rb8 34. Ne4 Re6 35. Rg5 g6 36. Rag1 Kh7 $6 $138 (36... Rg8 37. Nc5 $18) (
36... Ne7 $5 37. Nc5 Rc6 (37... Rd6 38. Rxe5 Nf5 39. Bg5 $16) 38. Nd7 Rc8 39.
Nxe5 Bxe5 (39... Rxc3 $2 40. Nxg6+ Nxg6 41. Rxh5+ Kg7 42. Bd4+) 40. Rxe5 Nf5
41. c4 Nxh4 42. Bd4 Kg8 43. Rxh5 Re8+ 44. Re5 Rce6 45. Rxe6 Rxe6+ 46. Be3 Nf5
47. Kd2 Nxe3 48. fxe3 $18) 37. Rxh5+ Kg7 38. Ng5 Re7 39. Rh7+ Kg8 40. Rh6 Kg7
41. Ne4 Re6 42. h5 Ne7 43. Nc5 Rc6 44. hxg6 Rh8 45. Rxh8 Kxh8 46. c4 Bd6 47.
Nd7 Kg7 48. f4 Bxb4 49. Nxe5 Re6 50. d4 b5 51. cxb5 axb5 52. Kd3 Nd5 53. Rf1
Rf6 54. Bc1 Rf5 55. Rg1 1-0